000 00470nam a2200133Ia 4500
008 100328s9999 xx 000 0 und d
082 _b51819
100 _aखाडीलकर उषा
245 _aस्त्री-मुक्ती एक कुतुहल
260 _bवसंत
630 _aस्त्री-मुक्ती एक कुतुहल
730 _aस्त्री-मुक्ती एक कुतुहल
942 _cBOOK
999 _c538729
_d538726